ARRUPE JESUIT UNIVERSITY

CORONAVIRUS -STOP THE SPREAD - CLEAN,DISINFECT,COVER

The way of peace : (Record no. 126902)

MARC details
000 -LEADER
fixed length control field 01429cam a22002654a 4500
001 - CONTROL NUMBER
control field 15180764
003 - CONTROL NUMBER IDENTIFIER
control field ARRUPE
005 - DATE AND TIME OF LATEST TRANSACTION
control field 20170905092149.0
008 - FIXED-LENGTH DATA ELEMENTS--GENERAL INFORMATION
fixed length control field 080214s2008 mnu 001 0 eng
010 ## - LIBRARY OF CONGRESS CONTROL NUMBER
LC control number 2008006583
020 ## - INTERNATIONAL STANDARD BOOK NUMBER
International Standard Book Number 9780800663162 (pbk. : alk. paper)
040 ## - CATALOGING SOURCE
Original cataloging agency DLC
Transcribing agency DLC
Modifying agency DLC
050 00 - LIBRARY OF CONGRESS CALL NUMBER
Classification number BT736.4
Item number .C458 2008
082 00 - DEWEY DECIMAL CLASSIFICATION NUMBER
Classification number 248.8/6
Edition number 22
300 ## - PHYSICAL DESCRIPTION
Dimensions 22 cm.
100 1# - MAIN ENTRY--PERSONAL NAME
Personal name Childs, James M.,
Dates associated with a name 1939-
9 (RLIN) 7580
245 14 - TITLE STATEMENT
Title The way of peace :
Remainder of title Christian life in face of discord /
Statement of responsibility, etc by James M. Childs, Jr.
260 ## - PUBLICATION, DISTRIBUTION, ETC. (IMPRINT)
Place of publication, distribution, etc Minneapolis, MN :
Name of publisher, distributor, etc Fortress Press,
Date of publication, distribution, etc c2008.
300 ## - PHYSICAL DESCRIPTION
Extent x, 149 p. ;
500 ## - GENERAL NOTE
General note Includes index.
505 0# - FORMATTED CONTENTS NOTE
Formatted contents note The way of peace and Christian faith -- Peace longing -- Peace promise -- Estrangement -- Loss of meaning and the peace promise -- Blessed are the peacemakers -- The church as peacemaker -- Justice as a way of life -- Peacemakers in a world of war.
650 #0 - SUBJECT ADDED ENTRY--TOPICAL TERM
Topical term or geographic name as entry element Peace
General subdivision Religious aspects
-- Christianity.
9 (RLIN) 35612
856 41 - ELECTRONIC LOCATION AND ACCESS
Materials specified Table of contents only
Uniform Resource Identifier <a href="http://www.loc.gov/catdir/toc/ecip0811/2008006583.html">http://www.loc.gov/catdir/toc/ecip0811/2008006583.html</a>
906 ## - LOCAL DATA ELEMENT F, LDF (RLIN)
a 7
b cbc
c orignew
d 1
e ecip
f 20
g y-gencatlg
942 ## - ADDED ENTRY ELEMENTS (KOHA)
Source of classification or shelving scheme Library of Congress Classification
Koha item type Monograph ( Printed materials)
Holdings
Withdrawn status Lost status Source of classification or shelving scheme Damaged status Not for loan Collection code Home library Current library Shelving location Date acquired Total Checkouts Full call number Barcode Date last seen Price effective from Koha item type
    Library of Congress Classification     Main Collection ARRUPE LIBRARY ARRUPE LIBRARY Main Collection 05/09/2017   BT736.4 .C458 2008 46500027936 05/09/2017 05/09/2017 Monograph ( Printed materials)

 

Arrupe Library. PO Box MP320 Mt Pleasant, Harare, Zimbabwe
263 242 745411|librarian@aju.ac.zw